000
00240nam a2200097Ia 4500
008
120527s9999 xx 000 0 und d
100
_a
ADAMU,O.Samuel.
245
_a
National Accounting in adeveloping country.
260
_b
SAAL
942
_c
BK
999
_c
23828
_d
23828